LEADER 01485nam2 2200301 i 450 001 SUN0049353 005 20071121120000.0 100 $a20060810d1990 |0itac50 ba 101 $aita 102 $aIT 105 $a|||| ||||| 200 1 $aˆ1.2: ‰Regio 1., parte seconda 210 $aRoma$cIstituto della enciclopedia italiana$d1990 215 $aXIII, 1098 p.$cill.$d31 cm. 461 1$1001SUN0049352$12001 $aPompei$epitture e mosaici$v1.2$1210 $aRoma$cIstituto della Enciclopedia Italiana. 606 $aPitture pompeiane$xFotografie$2FI$3SUNC017985 606 $aMosaici pompeiani$xFotografie$2FI$3SUNC017986 620 $dRoma$3SUNL000360 676 $a759.9377$v21 712 $aIstituto della Enciclopedia italiana$3SUNV000413$4650 801 $aIT$bSOL$c20181109$gRICA 912 $aSUN0049353 950 $aBIBLIOTECA DEL DIPARTIMENTO DI ARCHITETTURA E DISEGNO INDUSTRIALE$d01 CONS IVCb2(2) $e01 47844 950 $aUFFICIO DI BIBLIOTECA DEL DIPARTIMENTO DI LETTERE E BENI CULTURALI$d07 CONS LEX B 30 II $e07 4594 995 $aBIBLIOTECA DEL DIPARTIMENTO DI ARCHITETTURA E DISEGNO INDUSTRIALE$bIT-CE0107$h47844$kCONS IVCb2(2)$op$qa 995 $aUFFICIO DI BIBLIOTECA DEL DIPARTIMENTO DI LETTERE E BENI CULTURALI$bIT-CE0103$h4594$kCONS LEX B 30 II$oc$qa 996 $aRegio 1., parte seconda$91405929 997 $aUNICAMPANIA